000 00650nam a2200241Ia 4500
003 OSt
005 20220918203326.0
006 a|||||r|||| 00| 0
007 ta
008 220917b |||||||| |||| 00| 0 eng d
024 _a107,561
037 _cTextual
040 _aARTS
_cARTS
_beng
041 _2eng
_aeng
082 _aV4445:1941.N7, L6-;2
100 _aRamakant
245 0 _aNepal China and India
_b Nepal China relations
260 _aNew Delhi
_bAbhinav India
_c1976
300 _axi, 342p.
_ccm.
650 _aHISTORY
942 _hV4445:1941.N7, L6-;2
_cTEXL
_2CC
999 _c230917
_d230917